Communes de l'Herault_Mort Subite (difficile) - Statistiques

Statistiques générales
  • Ce quiz a été pris 81 fois
  • Le résultat moyen est 6 sur 20
Answers on the Grid
Answers color-coded by a green-red scale on the quiz's grid according to % correct below.
Agde
Aigues-Mortes
Aimargues
Aniane
Aspères
Auch
Balaruc-les-Bains
Bellegarde
Bouillargues
Bouzigues
Calvisson
Capestang
Carpentras
Castelnaudary
Florensac
Frontignan
Ganges
Gruissan
Juvignac
Lattes
Leucate
Lézignan-Corbières
Lodève
Lunel
Mallemort
Millau
Montagnac
Narbonne
Orthez
Palavas-les-Flots
Pérols
Pignan
Privas
Quissac
Restinclières
Saint-Clément-de-Rivière
Saint-Hippolyte-du-Fort
Saint-Jean-de-Cuculles
Vergèze
Viols-le-Fort
 
Statistiques - réponses
Réponse % Correct
Agde
85%
Frontignan
43%
Lunel
43%
Lodève
40%
Lattes
38%
Balaruc-les-Bains
33%
Florensac
30%
Palavas-les-Flots
30%
Aniane
25%
Bouzigues
25%
Capestang
25%
Ganges
25%
Juvignac
25%
Pérols
23%
Montagnac
20%
Viols-le-Fort
20%
Pignan
18%
Restinclières
15%
Saint-Clément-de-Rivière
15%
Saint-Jean-de-Cuculles
8%
Aucun quiz correspondant
Distribution des résultats
% des personnes avec chaque résultat
Percentile par nombre de réponses
Votre historique - résultats
Vous n’avez pas pris ce quiz